|
|
|
|
| LEADER |
03032nam a22004935i 4500 |
| 001 |
978-3-319-30880-7 |
| 003 |
DE-He213 |
| 005 |
20160810140446.0 |
| 007 |
cr nn 008mamaa |
| 008 |
160810s2016 gw | s |||| 0|eng d |
| 020 |
|
|
|a 9783319308807
|9 978-3-319-30880-7
|
| 024 |
7 |
|
|a 10.1007/978-3-319-30880-7
|2 doi
|
| 040 |
|
|
|d GrThAP
|
| 050 |
|
4 |
|a HC
|
| 072 |
|
7 |
|a KCZ
|2 bicssc
|
| 072 |
|
7 |
|a BUS023000
|2 bisacsh
|
| 082 |
0 |
4 |
|a 330.9
|2 23
|
| 100 |
1 |
|
|a Aston, Jennifer.
|e author.
|
| 245 |
1 |
0 |
|a Female Entrepreneurship in Nineteenth-Century England
|h [electronic resource] :
|b Engagement in the Urban Economy /
|c by Jennifer Aston.
|
| 264 |
|
1 |
|a Cham :
|b Springer International Publishing :
|b Imprint: Palgrave Macmillan,
|c 2016.
|
| 300 |
|
|
|a XVII, 257 p. 31 illus., 3 illus. in color.
|b online resource.
|
| 336 |
|
|
|a text
|b txt
|2 rdacontent
|
| 337 |
|
|
|a computer
|b c
|2 rdamedia
|
| 338 |
|
|
|a online resource
|b cr
|2 rdacarrier
|
| 347 |
|
|
|a text file
|b PDF
|2 rda
|
| 490 |
1 |
|
|a Palgrave Studies in Economic History
|
| 505 |
0 |
|
|a Introduction -- Chapter 1: Locating Female Business Owners in the Historiography -- Chapter 2: Women and their Businesses -- Chapter 3: Who was the Victorian Businesswoman? -- Chapter 4: The Social Network -- Chapter 5: Life After Death -- Conclusion.
|
| 520 |
|
|
|a Aston challenges and reshapes the on-going debate concerning social status, economic opportunity, and gender roles in nineteenth-century society. Sources including trade directories, census returns, probate records, newspapers, advertisements, and photographs are analysed and linked to demonstrate conclusively that women in nineteenth-century England were far more prevalent in business than previously acknowledged. Moreover, women were able to establish and expand their businesses far beyond the scope of inter-generational caretakers in sectors of the economy traditionally viewed as unfeminine, and acquire the assets and possessions that were necessary to secure middle-class status. These women serve as a powerful reminder that the middle-class woman’s retreat from economic activity during the nineteenth-century, so often accepted as axiomatic, was not the case. In fact, women continued to act as autonomous and independent entrepreneurs, and used business ownership as a platform to participate in the economic, philanthropic, and political public sphere.
|
| 650 |
|
0 |
|a Entrepreneurship.
|
| 650 |
|
0 |
|a Evolutionary economics.
|
| 650 |
|
0 |
|a Industrial organization.
|
| 650 |
|
0 |
|a Economic history.
|
| 650 |
1 |
4 |
|a Economics.
|
| 650 |
2 |
4 |
|a Economic History.
|
| 650 |
2 |
4 |
|a Institutional/Evolutionary Economics.
|
| 650 |
2 |
4 |
|a Industrial Organization.
|
| 650 |
2 |
4 |
|a Entrepreneurship.
|
| 710 |
2 |
|
|a SpringerLink (Online service)
|
| 773 |
0 |
|
|t Springer eBooks
|
| 776 |
0 |
8 |
|i Printed edition:
|z 9783319308791
|
| 830 |
|
0 |
|a Palgrave Studies in Economic History
|
| 856 |
4 |
0 |
|u http://dx.doi.org/10.1007/978-3-319-30880-7
|z Full Text via HEAL-Link
|
| 912 |
|
|
|a ZDB-2-ECF
|
| 950 |
|
|
|a Economics and Finance (Springer-41170)
|